| 000 | nam a22 7a 4500 | ||
|---|---|---|---|
| 999 |
_c47239 _d47239 |
||
| 003 | OSt | ||
| 005 | 20190507123442.0 | ||
| 008 | 190507b xxu||||| |||| 00| 0 eng d | ||
| 040 | _cIIMT UNIVERSITY | ||
| 100 | _aGUPTA R.K. | ||
| 245 | _aMATHEMATICAL PHYSICS | ||
| 260 |
_aDELHI MEERUT KANPUR _bMEENAKASHI PRAKASHAN |
||
| 300 | _a856 | ||
| 942 |
_2ddc _c09 |
||